| 000 | 00585nam a22002057a 4500 | ||
|---|---|---|---|
| 999 |
_c6410 _d6410 |
||
| 003 | AR-CdUCM | ||
| 008 | 190315b ||||| |||| 00| 0 spa d | ||
| 040 |
_aMUNICIPALIDAD PROVINCIAL DEL CUSCO _cBIBLIOTECA MUNICIPAL DEL CUSCO |
||
| 082 |
_a869.27 / _bM86 |
||
| 100 |
_aMorgado, B. _918222 |
||
| 245 | _aFestival de agua y viento / | ||
| 260 |
_aBuenos Aires ; _bEl siglo, _c1936. |
||
| 300 | _c23 cm. | ||
| 500 | _aDonación de la familia Nieto | ||
| 650 |
_aArgentina _9511 |
||
| 650 |
_aPoesía argentina _91657 |
||
| 650 |
_aSiglo XX _98 |
||
| 942 |
_2ddc _cLIBROS |
||
| 945 | _araen | ||